<?xml version="1.0" encoding="UTF-8"?>
<record
    xmlns:xsi="http://www.w3.org/2001/XMLSchema-instance"
    xsi:schemaLocation="http://www.loc.gov/MARC21/slim http://www.loc.gov/standards/marcxml/schema/MARC21slim.xsd"
    xmlns="http://www.loc.gov/MARC21/slim">

  <leader>01939ctm a22003371i 4500</leader>
  <controlfield tag="003">SA-RiAUC</controlfield>
  <controlfield tag="005">20251216134910.0</controlfield>
  <controlfield tag="008">251215s1989    su     f bm   00000bara c</controlfield>
  <datafield tag="040" ind1=" " ind2=" ">
    <subfield code="a">SA-JeALM</subfield>
    <subfield code="b">ara</subfield>
    <subfield code="c">SA-RiAUC</subfield>
    <subfield code="e">rda</subfield>
  </datafield>
  <datafield tag="050" ind1=" " ind2="4">
    <subfield code="b">M33 1989</subfield>
  </datafield>
  <datafield tag="082" ind1="0" ind2="4">
    <subfield code="a">239.9</subfield>
    <subfield code="q">SA-RiAUC</subfield>
  </datafield>
  <datafield tag="090" ind1=" " ind2=" ">
    <subfield code="a">&#x631; 239.9 </subfield>
    <subfield code="b">&#x645; &#x62F; &#x62E;</subfield>
  </datafield>
  <datafield tag="100" ind1="1" ind2=" ">
    <subfield code="a">&#x627;&#x644;&#x645;&#x62F;&#x62E;&#x644;&#x64A;&#x60C; &#x639;&#x628;&#x62F; &#x627;&#x644;&#x628;&#x627;&#x633;&#x637; &#x628;&#x646; &#x62C;&#x627;&#x628;&#x631; &#x645;&#x62D;&#x645;&#x62F;</subfield>
    <subfield code="e">&#x645;&#x624;&#x644;&#x641;.</subfield>
  </datafield>
  <datafield tag="245" ind1="1" ind2="0">
    <subfield code="a">&#x627;&#x644;&#x642;&#x639;&#x642;&#x627;&#x639; &#x628;&#x646; &#x639;&#x645;&#x631;&#x648; &#x627;&#x644;&#x62A;&#x645;&#x64A;&#x645;&#x64A; &#x648;&#x62F;&#x648;&#x631;&#x647; &#x641;&#x64A; &#x627;&#x644;&#x641;&#x62A;&#x648;&#x62D; &#x627;&#x644;&#x625;&#x633;&#x644;&#x627;&#x645;&#x64A;&#x629; &#x648;&#x623;&#x62D;&#x62F;&#x627;&#x62B; &#x639;&#x635;&#x631; &#x627;&#x644;&#x631;&#x627;&#x634;&#x62F;&#x64A;&#x646; /</subfield>
    <subfield code="c">&#x625;&#x639;&#x62F;&#x627;&#x62F; &#x639;&#x628;&#x62F; &#x627;&#x644;&#x628;&#x627;&#x633;&#x637; &#x628;&#x646; &#x62C;&#x627;&#x628;&#x631; &#x645;&#x62D;&#x645;&#x62F; &#x627;&#x644;&#x645;&#x62F;&#x62E;&#x644;&#x64A; &#x61B; &#x625;&#x634;&#x631;&#x627;&#x641; &#x645;&#x62D;&#x645;&#x62F; &#x645;&#x62D;&#x645;&#x62F; &#x634;&#x62A;&#x627; &#x632;&#x64A;&#x62A;&#x648;&#x646;.</subfield>
  </datafield>
  <datafield tag="264" ind1=" " ind2="0">
    <subfield code="a">&#x645;&#x643;&#x629; &#x627;&#x644;&#x645;&#x643;&#x631;&#x645;&#x629; :</subfield>
    <subfield code="b">&#x62C;&#x627;&#x645;&#x639;&#x629; &#x623;&#x645; &#x627;&#x644;&#x642;&#x631;&#x649; .</subfield>
    <subfield code="c">1989</subfield>
  </datafield>
  <datafield tag="300" ind1=" " ind2=" ">
    <subfield code="a">305 &#x648;&#x631;&#x642;&#x629; &#x61B;</subfield>
    <subfield code="c">30 &#x633;&#x645; .</subfield>
  </datafield>
  <datafield tag="336" ind1=" " ind2=" ">
    <subfield code="a">&#x646;&#x635;</subfield>
    <subfield code="b">txt</subfield>
    <subfield code="2">rdacontent</subfield>
    <subfield code="3">&#x623;&#x637;&#x631;&#x648;&#x62D;&#x629;</subfield>
  </datafield>
  <datafield tag="337" ind1=" " ind2=" ">
    <subfield code="a">&#x628;&#x62F;&#x648;&#x646; &#x648;&#x633;&#x64A;&#x637;</subfield>
    <subfield code="b">n</subfield>
    <subfield code="2">rdamedia</subfield>
  </datafield>
  <datafield tag="338" ind1=" " ind2=" ">
    <subfield code="a">&#x645;&#x62C;&#x644;&#x62F;</subfield>
    <subfield code="b">nc</subfield>
    <subfield code="2">rdacarrier</subfield>
  </datafield>
  <datafield tag="500" ind1=" " ind2=" ">
    <subfield code="a">&#x627;&#x647;&#x62F;&#x627;&#x621; &#x645;&#x646; &#x627;&#x644;&#x645;&#x624;&#x644;&#x641; &#x639;&#x628;&#x62F;&#x627;&#x644;&#x628;&#x627;&#x633;&#x637; &#x62C;&#x627;&#x628;&#x631; &#x645;&#x62F;&#x62E;&#x644;&#x64A; &#x627;&#x644;&#x649; &#x627;&#x644;&#x634;&#x64A;&#x62E; &#x631;&#x62D;&#x645;&#x647; &#x627;&#x644;&#x644;&#x647; &#x628;&#x62A;&#x627;&#x631;&#x64A;&#x62E; 16 / 5 / 1410 &#x647;&#x640;</subfield>
  </datafield>
  <datafield tag="500" ind1=" " ind2=" ">
    <subfield code="a">&#x623;&#x637;&#x631;&#x648;&#x62D;&#x629; (&#x645;&#x627;&#x62C;&#x633;&#x62A;&#x64A;&#x631;)-&#x62C;&#x627;&#x645;&#x639;&#x629; &#x623;&#x645; &#x627;&#x644;&#x642;&#x631;&#x649;&#x60C; 1400 &#x647;&#x62C;&#x631;&#x64A;.</subfield>
  </datafield>
  <datafield tag="502" ind1=" " ind2=" ">
    <subfield code="b">&#x645;&#x627;&#x62C;&#x633;&#x62A;&#x64A;&#x631;</subfield>
    <subfield code="c">&#x62C;&#x627;&#x645;&#x639;&#x629; &#x623;&#x645; &#x627;&#x644;&#x642;&#x631;&#x649;&#x60C; &#x643;&#x644;&#x64A;&#x629; &#x627;&#x644;&#x634;&#x631;&#x64A;&#x639;&#x629; &#x648;&#x627;&#x644;&#x62F;&#x631;&#x627;&#x633;&#x627;&#x62A; &#x627;&#x644;&#x625;&#x633;&#x644;&#x627;&#x645;&#x64A;&#x629;&#x60C; &#x642;&#x633;&#x645; &#x627;&#x644;&#x62A;&#x627;&#x631;&#x64A;&#x62E; &#x648;&#x627;&#x644;&#x62D;&#x636;&#x627;&#x631;&#x629;</subfield>
    <subfield code="d">1409 &#x647;&#x62C;&#x631;&#x64A;.</subfield>
  </datafield>
  <datafield tag="504" ind1=" " ind2=" ">
    <subfield code="a">&#x64A;&#x634;&#x62A;&#x645;&#x644; &#x639;&#x644;&#x649; &#x625;&#x631;&#x62C;&#x627;&#x639;&#x627;&#x62A; &#x628;&#x628;&#x644;&#x64A;&#x648;&#x62C;&#x631;&#x627;&#x641;&#x64A;&#x629;.</subfield>
  </datafield>
  <datafield tag="600" ind1="1" ind2="7">
    <subfield code="a">&#x627;&#x644;&#x642;&#x639;&#x642;&#x627;&#x639; &#x627;&#x644;&#x62A;&#x645;&#x64A;&#x645;&#x64A;&#x60C; &#x627;&#x644;&#x642;&#x639;&#x642;&#x627;&#x639; &#x628;&#x646; &#x639;&#x645;&#x631;&#x648; &#x627;&#x644;&#x62A;&#x645;&#x64A;&#x645;&#x64A;&#x60C;</subfield>
    <subfield code="d">&#x62A;&#x648;&#x641;&#x64A; &#x62D;&#x648;&#x627;&#x644;&#x64A; 40 &#x647;&#x62C;&#x631;&#x64A;</subfield>
    <subfield code="2">aucnm</subfield>
  </datafield>
  <datafield tag="650" ind1=" " ind2="7">
    <subfield code="a">&#x627;&#x644;&#x635;&#x62D;&#x627;&#x628;&#x629; &#x648;&#x627;&#x644;&#x62A;&#x627;&#x628;&#x639;&#x648;&#x646;</subfield>
    <subfield code="v">&#x62A;&#x631;&#x627;&#x62C;&#x645;</subfield>
    <subfield code="2">aucsh</subfield>
  </datafield>
  <datafield tag="650" ind1=" " ind2="7">
    <subfield code="a">&#x627;&#x644;&#x641;&#x62A;&#x648;&#x62D;&#x627;&#x62A; &#x627;&#x644;&#x625;&#x633;&#x644;&#x627;&#x645;&#x64A;&#x629;</subfield>
    <subfield code="y">&#x639;&#x635;&#x631; &#x635;&#x62F;&#x631; &#x627;&#x644;&#x625;&#x633;&#x644;&#x627;&#x645;</subfield>
    <subfield code="2">aucsh</subfield>
  </datafield>
  <datafield tag="650" ind1=" " ind2="7">
    <subfield code="a">&#x627;&#x644;&#x62A;&#x627;&#x631;&#x64A;&#x62E; &#x627;&#x644;&#x625;&#x633;&#x644;&#x627;&#x645;&#x64A;</subfield>
    <subfield code="y">&#x639;&#x635;&#x631; &#x635;&#x62F;&#x631; &#x627;&#x644;&#x625;&#x633;&#x644;&#x627;&#x645;</subfield>
    <subfield code="2">aucsh</subfield>
  </datafield>
  <datafield tag="700" ind1=" " ind2=" ">
    <subfield code="a">&#x632;&#x64A;&#x62A;&#x648;&#x646;&#x60C; &#x645;&#x62D;&#x645;&#x62F; &#x645;&#x62D;&#x645;&#x62F; &#x634;&#x62A;&#x627;</subfield>
    <subfield code="e">&#x645;&#x634;&#x631;&#x641; .</subfield>
  </datafield>
  <datafield tag="942" ind1=" " ind2=" ">
    <subfield code="2">ddc</subfield>
    <subfield code="c">THESES</subfield>
    <subfield code="n">0</subfield>
  </datafield>
  <datafield tag="949" ind1=" " ind2=" ">
    <subfield code="a">SA-JeALM</subfield>
    <subfield code="d">251215</subfield>
    <subfield code="u">osman123</subfield>
    <subfield code="n">1</subfield>
  </datafield>
  <datafield tag="952" ind1=" " ind2=" ">
    <subfield code="0">0</subfield>
    <subfield code="1">0</subfield>
    <subfield code="2">ddc</subfield>
    <subfield code="4">0</subfield>
    <subfield code="7">0</subfield>
    <subfield code="a">WAHAB</subfield>
    <subfield code="b">WAHAB</subfield>
    <subfield code="d">2025-12-16</subfield>
    <subfield code="l">0</subfield>
    <subfield code="o">&#x631; 239.9  &#x645; &#x62F; &#x62E;</subfield>
    <subfield code="p">000021593</subfield>
    <subfield code="r">2025-12-16 13:50:02</subfield>
    <subfield code="w">2025-12-16</subfield>
    <subfield code="y">THESES</subfield>
  </datafield>
  <datafield tag="999" ind1=" " ind2=" ">
    <subfield code="c">13571</subfield>
    <subfield code="d">13571</subfield>
  </datafield>
</record>
